|
|
|
|
| LEADER |
00000nam0a2200000 4500 |
| 001 |
94399 |
| 005 |
20231031105630.0 |
| 010 |
|
|
|a 5060052737
|
| 035 |
|
|
|a (RuTPU)RU\TPU\book\101117
|
| 090 |
|
|
|a 94399
|
| 100 |
|
|
|a 20060411d2004 m y0rusy50 ca
|
| 101 |
0 |
|
|a ger
|
| 102 |
|
|
|a RU
|
| 105 |
|
|
|a a j 001zy
|
| 200 |
1 |
|
|a История немецкого языка: от теории к практике
|e учебное пособие
|f Н. И. Рахманова, Е. Н. Цветаева
|
| 210 |
|
|
|a Москва
|c Высшая школа
|d 2004
|
| 215 |
|
|
|a 334 с.
|c ил.
|
| 320 |
|
|
|a Библиогр.: с. 330-332.
|
| 610 |
1 |
|
|a немецкий язык
|
| 610 |
1 |
|
|a учебные пособия
|
| 610 |
1 |
|
|a теория
|
| 610 |
1 |
|
|a история
|
| 610 |
1 |
|
|a практика
|
| 610 |
1 |
|
|a письмо
|
| 610 |
1 |
|
|a письменная речь
|
| 610 |
1 |
|
|a германские языки
|
| 610 |
1 |
|
|a историческая фонетика
|
| 610 |
1 |
|
|a историческая грамматика
|
| 610 |
1 |
|
|a историческая лексикология
|
| 686 |
|
|
|a Ш143.24-923.0
|v LBC/SL-A
|2 rubbk
|
| 700 |
|
1 |
|a Рахманова
|b Н. И.
|g Наталия Игоревна
|
| 701 |
|
1 |
|a Цветаева
|b Е. Н.
|g Елена Николаевна
|
| 801 |
|
1 |
|a RU
|b 63413507
|c 20060411
|g PSBO
|
| 801 |
|
2 |
|a RU
|b 63413507
|c 20131216
|g PSBO
|
| 942 |
|
|
|c BK
|
| 959 |
|
|
|a 24/20060410
|d 1
|e 311,30
|f ЧЗИЛ:1
|